[Event "Oberliga Ost B 2017 2018"]
[Site "Germany"]
[Date "2017.10.22"]
[Round "1.1"]
[White "Teske, Henrik"]
[Black "Kuznecovs, Nikita"]
[Result "1-0"]
[WhiteElo "2471"]
[BlackElo "2130"]
[PlyCount "53"]
[EventDate "2017.10.22"]
[EventType "team-tourn"]
[EventCountry "GER"]
[WhiteTeam "Erfurt SV Empor"]
[BlackTeam "Stadtilm SG BW"]
[WhiteTeamCountry "GER"]
[BlackTeamCountry "GER"]

1. d4 e6 2. Nf3 Nf6 3. c4 c5 4. g3 cxd4 5. Nxd4 Qc7 6. Nc3 a6 7. Bg5 Qxc4 8. e4
Qb4 9. Bg2 Nc6 10. Nb3 Qb6 11. O-O Be7 12. Rc1 O-O 13. Qe2 d6 14. Rfd1 Bd7 15.
Be3 Qd8 16. h3 b5 17. f4 Rc8 18. Kh2 Ne8 19. Qf2 Rb8 20. e5 d5 21. Bxd5 exd5
22. Nxd5 Rb7 23. Bb6 Qa8 24. Na5 Bd8 25. Nxb7 Qxb7 26. Bxd8 Nxd8 27. Qb6 1-0

[Event "Oberliga Ost B 2017 2018"]
[Site "Germany"]
[Date "2017.10.22"]
[Round "1.2"]
[White "Siebarth, Raiko"]
[Black "Langheinrich, Ferenc"]
[Result "1/2-1/2"]
[WhiteElo "2288"]
[BlackElo "2373"]
[PlyCount "98"]
[EventDate "2017.10.22"]
[EventType "team-tourn"]
[EventCountry "GER"]
[WhiteTeam "Stadtilm SG BW"]
[BlackTeam "Erfurt SV Empor"]
[WhiteTeamCountry "GER"]
[BlackTeamCountry "GER"]

1. e4 c6 2. d4 d5 3. e5 Bf5 4. Nf3 e6 5. Be2 Nd7 6. O-O Bg6 7. a4 Rc8 8. Na3
Ne7 9. c4 dxc4 10. Nxc4 Nd5 11. Bg5 Qc7 12. a5 h6 13. Be3 Be7 14. Bd3 Bxd3 15.
Qxd3 O-O 16. Nfd2 b5 17. axb6 N7xb6 18. Ne4 Nxc4 19. Qxc4 Rb8 20. Rfc1 Rfc8 21.
Qa2 Rb7 22. Bd2 Qd7 23. g3 Kh7 24. Rc2 f5 25. exf6 gxf6 26. Qc4 f5 27. Nc5 Bxc5
28. Qxc5 Kg6 29. Re1 h5 30. h4 Kf7 31. Bg5 Rb5 32. Qc4 Kg6 33. Rce2 Re8 34. Qd3
a5 35. Bc1 Nf6 36. Qd2 Kf7 37. Qh6 Qxd4 38. Be3 Qd8 39. Bg5 e5 40. Bxf6 Qxf6
41. Qxh5+ Qg6 42. Qf3 Rd5 43. Qb3 e4 44. Rc1 f4 45. Kh2 Kf8 46. Qa3+ Re7 47.
Qc3 Rd3 48. Qxc6 fxg3+ 49. Kg2 Qxc6 1/2-1/2

[Event "Oberliga Ost B 2017 2018"]
[Site "Germany"]
[Date "2017.10.22"]
[Round "1.3"]
[White "Michalowski, Peter"]
[Black "Schneider, Christian"]
[Result "0-1"]
[WhiteElo "2064"]
[BlackElo "2215"]
[PlyCount "120"]
[EventDate "2017.10.22"]
[EventType "team-tourn"]
[EventCountry "GER"]
[WhiteTeam "Erfurt SV Empor"]
[BlackTeam "Stadtilm SG BW"]
[WhiteTeamCountry "GER"]
[BlackTeamCountry "GER"]

1. e4 c5 2. Nf3 d6 3. Bb5+ Nd7 4. d4 cxd4 5. Qxd4 Ngf6 6. Nc3 g6 7. Bg5 Bg7 8.
Nd5 O-O 9. Bxd7 Nxd5 10. Qxd5 Qxd7 11. c3 h6 12. Be3 Qc7 13. O-O Kh7 14. Qd2 b6
15. Nd4 Bb7 16. f3 d5 17. exd5 Bxd5 18. Nb5 Qb7 19. Nc7 Rad8 20. Nxd5 Rxd5 21.
Qe2 Rfd8 22. Rad1 Qd7 23. Rxd5 Qxd5 24. a3 Rd7 25. Rc1 b5 26. Rc2 a6 27. Rd2
Qc6 28. Qd1 Rxd2 29. Qxd2 h5 30. Qd3 Qe6 31. Kf2 Qb3 32. Qd2 a5 33. Bg5 e6 34.
Be3 a4 35. Bc5 Qc4 36. Bd4 e5 37. Be3 Qb3 38. Bg5 f5 39. Kf1 Qc4+ 40. Kf2 Qb3
41. Kf1 e4 42. fxe4 fxe4 43. Qd7 Qc4+ 44. Kf2 Qc5+ 45. Be3 Qf5+ 46. Qxf5 gxf5
47. Ke2 Be5 48. h3 Kg6 49. Kd2 f4 50. Bb6 Kf5 51. Ke2 Ke6 52. Kd2 Kd5 53. Kc2
Kc4 54. Bf2 Bd6 55. Bh4 Bc5 56. g4 fxg3 57. Bxg3 Bg1 58. Kd2 Kb3 59. Be5 Kxb2
60. Bd4 e3+ 0-1

[Event "Oberliga Ost B 2017 2018"]
[Site "Germany"]
[Date "2017.10.22"]
[Round "1.4"]
[White "Mehlhorn, Uwe"]
[Black "Weishaeutel, Moritz"]
[Result "1/2-1/2"]
[WhiteElo "2153"]
[BlackElo "1983"]
[PlyCount "98"]
[EventDate "2017.10.22"]
[EventType "team-tourn"]
[EventCountry "GER"]
[WhiteTeam "Stadtilm SG BW"]
[BlackTeam "Erfurt SV Empor"]
[WhiteTeamCountry "GER"]
[BlackTeamCountry "GER"]

1. c4 e6 2. Nc3 d5 3. e3 Nf6 4. Nf3 Be7 5. Be2 O-O 6. O-O c5 7. cxd5 Nxd5 8.
Nxd5 Qxd5 9. Qc2 Nc6 10. Bc4 Qd6 11. Rd1 Bf6 12. a3 b6 13. d4 Bb7 14. dxc5 Qxc5
15. b4 Qe7 16. Bb2 Rac8 17. Qe2 Bxb2 18. Qxb2 Nxb4 19. Qxb4 Qxb4 20. axb4 Rxc4
21. Ne5 Rxb4 22. Rxa7 Be4 23. f3 Rb1 24. Rxb1 Bxb1 25. Rb7 f6 26. Rxb6 Ba2 27.
Nc6 Re8 28. Kf2 e5 29. Rb7 Kf8 30. Nb4 Be6 31. g4 e4 32. h3 exf3 33. Kxf3 Rd8
34. Kf4 Rd7 35. Rb8+ Kf7 36. Nc6 Bd5 37. Nd4 Re7 38. Nf5 Rd7 39. Rb6 g6 40.
Nd6+ Ke7 41. Nb5 Rb7 42. Rxb7+ Bxb7 43. g5 Bg2 44. h4 Kf7 45. Nd6+ Ke6 46. Nc4
Kf7 47. e4 fxg5+ 48. hxg5 Bxe4 49. Nd6+ Kg7 1/2-1/2

[Event "Oberliga Ost B 2017 2018"]
[Site "Germany"]
[Date "2017.10.22"]
[Round "1.5"]
[White "Schmuck, Helmut"]
[Black "George, Tom"]
[Result "1/2-1/2"]
[WhiteElo "2120"]
[BlackElo "2205"]
[PlyCount "165"]
[EventDate "2017.10.22"]
[EventType "team-tourn"]
[EventCountry "GER"]
[WhiteTeam "Erfurt SV Empor"]
[BlackTeam "Stadtilm SG BW"]
[WhiteTeamCountry "GER"]
[BlackTeamCountry "GER"]

1. d4 Nf6 2. c4 e6 3. Nc3 Bb4 4. e3 O-O 5. Bd3 d5 6. Nge2 c5 7. O-O cxd4 8.
exd4 dxc4 9. Bxc4 b6 10. d5 Qc7 11. Qb3 Bxc3 12. Nxc3 Ng4 13. g3 Ne5 14. Be2
Na6 15. Bf4 Nc5 16. Qa3 exd5 17. Nxd5 Qb7 18. Bxe5 Qxd5 19. Bf3 Ne4 20. Qd6
Qxd6 21. Bxd6 Re8 22. Rfe1 Bb7 23. Bf4 Nc5 24. Bxb7 Nxb7 25. Rad1 Nc5 26. Rxe8+
Rxe8 27. Be3 h6 28. Kf1 Kf8 29. Bxc5+ bxc5 30. Rd5 Rc8 31. Rd7 a6 32. Ke2 Rb8
33. b3 Rb4 34. Rc7 Re4+ 35. Kd3 Rd4+ 36. Ke3 Rd5 37. Rc6 Re5+ 38. Kd3 Rd5+ 39.
Kc3 Re5 40. Kd3 Rd5+ 41. Ke3 Re5+ 42. Kf3 Rf5+ 43. Kg2 a5 44. h4 Ke7 45. Ra6 c4
46. bxc4 Rc5 47. Kf3 Rxc4 48. Rxa5 Rc1 49. Ra7+ Ke6 50. a4 Ra1 51. a5 Ra4 52.
a6 h5 53. Ra8 g6 54. a7 Kf6 55. Ke3 Ra3+ 56. Kd4 Ra1 57. f3 Rd1+ 58. Kc3 Ra1
59. g4 Kg7 60. gxh5 gxh5 61. f4 Ra3+ 62. Kb4 Ra1 63. f5 Rb1+ 64. Kc4 Ra1 65.
Kd4 Ra4+ 66. Ke5 Ra5+ 67. Kf4 Ra4+ 68. Kg5 Ra5 69. Re8 Rxa7 70. f6+ Kh7 71. Re5
Ra6 72. Rf5 Rb6 73. Kxh5 Ra6 74. Kg5 Rb6 75. h5 Re6 76. Ra5 Re1 77. Ra7 Rg1+
78. Kf5 Rf1+ 79. Ke5 Re1+ 80. Kd5 Rd1+ 81. Kc6 Kh6 82. Ra5 Rf1 83. Kd6 1/2-1/2

[Event "Oberliga Ost B 2017 2018"]
[Site "Germany"]
[Date "2017.10.22"]
[Round "1.6"]
[White "Siebarth, Marco"]
[Black "Heinke, Jasper"]
[Result "1-0"]
[WhiteElo "2024"]
[BlackElo "1940"]
[PlyCount "115"]
[EventDate "2017.10.22"]
[EventType "team-tourn"]
[EventCountry "GER"]
[WhiteTeam "Stadtilm SG BW"]
[BlackTeam "Erfurt SV Empor"]
[WhiteTeamCountry "GER"]
[BlackTeamCountry "GER"]

1. e4 e6 2. d4 d5 3. Nd2 Nf6 4. e5 Nfd7 5. Bd3 c5 6. c3 Nc6 7. Ne2 cxd4 8. cxd4
Qb6 9. Nf3 f6 10. exf6 Nxf6 11. O-O Bd6 12. b3 O-O 13. h3 e5 14. dxe5 Nxe5 15.
Nxe5 Bxe5 16. Be3 Qe6 17. Bd4 Bd7 18. Rc1 Rac8 19. Qd2 Ne4 20. Bxe4 Bxd4 21.
Bxh7+ Kxh7 22. Nxd4 Qf6 23. Rxc8 Rxc8 24. Nf3 Bc6 25. Re1 Kg8 26. Qd4 Qg6 27.
Ne5 Qe6 28. Nd3 Qg6 29. Re3 Rf8 30. Rg3 Qh6 31. Qxa7 Re8 32. Re3 Re4 33. Qb8+
Kh7 34. Qg3 d4 35. Rxe4 Bxe4 36. Ne5 Qh5 37. Qf4 Qd1+ 38. Kh2 Bb1 39. Qg4 Qxg4
40. hxg4 Bxa2 41. b4 Kh6 42. f4 g5 43. f5 Kg7 44. Kg3 Kf6 45. Nf3 d3 46. Kf2
Bd5 47. Ke3 b5 48. Kxd3 Bc4+ 49. Ke3 Bd5 50. Kd4 Bc4 51. Nd2 Be2 52. Ne4+ Ke7
53. Nxg5 Bxg4 54. Ke5 Kf8 55. Kf4 Be2 56. g4 Bc4 57. Ne4 Bd5 58. g5 1-0

[Event "Oberliga Ost B 2017 2018"]
[Site "Germany"]
[Date "2017.10.22"]
[Round "1.7"]
[White "Nicolai, Tim"]
[Black "Neubauer, Andreas"]
[Result "0-1"]
[WhiteElo "1909"]
[BlackElo "2145"]
[PlyCount "62"]
[EventDate "2017.10.22"]
[EventType "team-tourn"]
[EventCountry "GER"]
[WhiteTeam "Erfurt SV Empor"]
[BlackTeam "Stadtilm SG BW"]
[WhiteTeamCountry "GER"]
[BlackTeamCountry "GER"]

1. e4 c5 2. Nf3 d6 3. d4 cxd4 4. Nxd4 a6 5. Nc3 e6 6. Be3 Nf6 7. f4 b5 8. a3
Bb7 9. Qf3 Be7 10. O-O-O Qc7 11. g4 Nc6 12. g5 Nd7 13. h4 Rc8 14. h5 Nc5 15. g6
Nxd4 16. gxf7+ Kxf7 17. Rxd4 Bf6 18. Rg1 Na4 19. Rxa4 Bxc3 20. Rc4 Bxb2+ 21.
Kxb2 bxc4 22. Bd4 Rhg8 23. Qc3 Bxe4 24. Bxg7 e5 25. fxe5 Qb6+ 26. Ka2 Qxg1 27.
e6+ Ke8 28. h6 Qxf1 29. Qa5 Rb8 30. Qa4+ Rb5 31. Qxa6 Qb1# 0-1

[Event "Oberliga Ost B 2017 2018"]
[Site "Germany"]
[Date "2017.10.22"]
[Round "1.8"]
[White "Werner, Justus"]
[Black "Pichl, Michael"]
[Result "0-1"]
[WhiteElo "1953"]
[BlackElo "2049"]
[PlyCount "72"]
[EventDate "2017.10.22"]
[EventType "team-tourn"]
[EventCountry "GER"]
[WhiteTeam "Stadtilm SG BW"]
[BlackTeam "Erfurt SV Empor"]
[WhiteTeamCountry "GER"]
[BlackTeamCountry "GER"]

1. c4 g6 2. g3 Bg7 3. Bg2 c5 4. Nc3 Nc6 5. Nf3 d6 6. O-O a6 7. Rb1 Rb8 8. d3 b5
9. Bd2 b4 10. Nd5 e6 11. Nf4 Nge7 12. e3 O-O 13. Ne2 e5 14. Qc2 h6 15. Rbd1 Qb6
16. Bc1 f5 17. d4 e4 18. dxc5 dxc5 19. Ne1 Ne5 20. b3 Bb7 21. f3 exf3 22. Nxf3
Be4 23. Qd2 Rbd8 24. Qe1 Nd3 25. Qd2 Nb2 26. Bxb2 Rxd2 27. Rxd2 Bxb2 28. Rxb2
Rd8 29. Rd2 Rxd2 30. Nxd2 Bxg2 31. Kxg2 Qd6 32. Nf3 Qd3 33. Nf4 Qe4 34. Kf2 g5
35. Ne2 Qc2 36. Ra1 Nc6 0-1

[Event "Oberliga Ost B 2017 2018"]
[Site "Germany"]
[Date "2017.10.22"]
[Round "1.1"]
[White "Brueggemann, Ludger"]
[Black "Zimmermann, Hendrik"]
[Result "0-1"]
[WhiteElo "2285"]
[BlackElo "2175"]
[PlyCount "72"]
[EventDate "2017.10.22"]
[EventType "team-tourn"]
[EventCountry "GER"]
[WhiteTeam "Frankfurter TV"]
[BlackTeam "Frankfurt SC Koenig Nied"]
[WhiteTeamCountry "GER"]
[BlackTeamCountry "GER"]

1. e4 c5 2. f4 d5 3. exd5 Nf6 4. Bb5+ Nbd7 5. Nc3 a6 6. Bxd7+ Bxd7 7. Nf3 Bf5
8. O-O Nxd5 9. d3 e6 10. Ne5 h5 11. Qe2 Be7 12. Ne4 f6 13. Nc4 Kf7 14. Ne3 Nxe3
15. Bxe3 c4 16. h3 cxd3 17. cxd3 Qd5 18. Nc3 Bxd3 19. Qf3 Qxf3 20. Rxf3 Rad8
21. a4 Bc4 22. a5 Rd3 23. Bb6 Rxf3 24. gxf3 Bd8 25. Rd1 Bxb6+ 26. axb6 Ke7 27.
Kf2 Rd8 28. Rxd8 Kxd8 29. h4 Kd7 30. Ne4 Bd5 31. Ng3 g6 32. Nf1 Kc6 33. Ne3
Kxb6 34. f5 gxf5 35. f4 Kc5 36. Nf1 Bc6 0-1

[Event "Oberliga Ost B 2017 2018"]
[Site "Germany"]
[Date "2017.10.22"]
[Round "1.2"]
[White "Uwira, Oliver"]
[Black "Telljohann, Sven"]
[Result "0-1"]
[WhiteElo "2251"]
[BlackElo "2391"]
[PlyCount "70"]
[EventDate "2017.10.22"]
[EventType "team-tourn"]
[EventCountry "GER"]
[WhiteTeam "Frankfurt SC Koenig Nied"]
[BlackTeam "Frankfurter TV"]
[WhiteTeamCountry "GER"]
[BlackTeamCountry "GER"]

1. d4 g6 2. c4 Bg7 3. e4 c5 4. d5 d6 5. Ne2 e5 6. Nec3 Bh6 7. Bxh6 Nxh6 8. h4
O-O 9. Be2 Kg7 10. g4 f5 11. g5 Ng8 12. Nd2 Na6 13. Nf1 Nc7 14. Qd2 a6 15. a4
Bd7 16. a5 Rb8 17. Ne3 b5 18. axb6 Rxb6 19. O-O-O f4 20. Nc2 Qa8 21. Rdg1 Rfb8
22. Bg4 Bxg4 23. Rxg4 Rxb2 24. Qd3 R8b3 25. Kd2 Nb5 26. cxb5 axb5 27. Rh3 Qa1
28. Nd1 Rxd3+ 29. Rxd3 Qa5+ 30. Kc1 Ra2 31. Nc3 b4 32. Nxa2 Qxa2 33. Kd2 b3 34.
Rc3 b2 35. Ra3 b1=Q 0-1

[Event "Oberliga Ost B 2017 2018"]
[Site "Germany"]
[Date "2017.10.22"]
[Round "1.3"]
[White "Diyap, Murat"]
[Black "Wege, Jochen"]
[Result "1/2-1/2"]
[WhiteElo "2093"]
[BlackElo "2294"]
[PlyCount "119"]
[EventDate "2017.10.22"]
[EventType "team-tourn"]
[EventCountry "GER"]
[WhiteTeam "Frankfurter TV"]
[BlackTeam "Frankfurt SC Koenig Nied"]
[WhiteTeamCountry "GER"]
[BlackTeamCountry "GER"]

1. e4 e6 2. Nf3 d5 3. Nc3 Nf6 4. e5 Nfd7 5. d4 c5 6. dxc5 Nc6 7. Bf4 Bxc5 8.
Bd3 f6 9. exf6 Nxf6 10. O-O O-O 11. Qe2 Bd6 12. Bxd6 Qxd6 13. Rae1 Bd7 14. Nb5
Qf4 15. Ne5 Nxe5 16. Qxe5 Qxe5 17. Rxe5 Bxb5 18. Bxb5 Kf7 19. Rfe1 a6 20. Bd3
Rfe8 21. c4 Rac8 22. cxd5 exd5 23. f3 Rxe5 24. Rxe5 Rc1+ 25. Kf2 Rd1 26. Bc2
Rd2+ 27. Re2 Rd4 28. a3 Rh4 29. h3 b5 30. Bb3 Rh5 31. Rc2 Re5 32. Rc6 Re6 33.
Rc5 Ke7 34. Rc7+ Kf8 35. Ba2 g5 36. b4 h5 37. Rc5 Re5 38. Rc6 Ke7 39. Rxa6 d4
40. Ra7+ Kd6 41. Ra6+ Ke7 42. Bb1 Nd5 43. Be4 Nc3 44. Rb6 g4 45. Rc6 gxh3 46.
gxh3 Nxe4+ 47. fxe4 Rxe4 48. Rc5 Re3 49. Rxb5 Rxa3 50. Rxh5 Rb3 51. b5 Kd6 52.
Ke2 Kc7 53. h4 Rh3 54. Rh6 Kb7 55. Kf2 d3 56. h5 Rh2+ 57. Ke1 Rb2 58. Rh7+ Kb6
59. Rh8 Kb7 60. h6 1/2-1/2

[Event "Oberliga Ost B 2017 2018"]
[Site "Germany"]
[Date "2017.10.22"]
[Round "1.4"]
[White "Staller, Peter"]
[Black "Neininger, Ralph"]
[Result "1/2-1/2"]
[WhiteElo "2267"]
[BlackElo "2064"]
[PlyCount "92"]
[EventDate "2017.10.22"]
[EventType "team-tourn"]
[EventCountry "GER"]
[WhiteTeam "Frankfurt SC Koenig Nied"]
[BlackTeam "Frankfurter TV"]
[WhiteTeamCountry "GER"]
[BlackTeamCountry "GER"]

1. Nf3 Nf6 2. g3 d5 3. Bg2 c5 4. O-O Nc6 5. d4 cxd4 6. Nxd4 e6 7. c4 Bc5 8. Nb3
Be7 9. cxd5 Nxd5 10. N1d2 O-O 11. Nc4 b6 12. Ne3 Nxe3 13. Bxe3 Bb7 14. Nd4 Rc8
15. Nxc6 Bxc6 16. Bxc6 Rxc6 17. Qa4 Rc7 18. Rfd1 Qe8 19. Qxe8 Rxe8 20. Rac1
Rec8 21. Rxc7 Rxc7 22. Bf4 Rb7 23. Rc1 f6 24. e4 Bc5 25. Kf1 g5 26. Bd2 g4 27.
Ke2 Kf7 28. h3 Rd7 29. Bc3 gxh3 30. Rh1 Bd4 31. Rxh3 Kg6 32. g4 Bxc3 33. Rxc3
Kg5 34. f3 h5 35. gxh5 Kxh5 36. Rc6 Re7 37. Ke3 Kg6 38. a4 e5 39. Rc8 Rd7 40.
Rg8+ Kf7 41. Ra8 Ke6 42. Rc8 Rd6 43. Rc7 Rd7 44. Rc1 Rd4 45. b3 a5 46. Rc6+ Rd6
1/2-1/2

[Event "Oberliga Ost B 2017 2018"]
[Site "Germany"]
[Date "2017.10.22"]
[Round "1.5"]
[White "Medvedovski, Michael"]
[Black "Chandler, Patrick"]
[Result "1-0"]
[WhiteElo "2034"]
[BlackElo "2211"]
[PlyCount "41"]
[EventDate "2017.10.22"]
[EventType "team-tourn"]
[EventCountry "GER"]
[WhiteTeam "Frankfurter TV"]
[BlackTeam "Frankfurt SC Koenig Nied"]
[WhiteTeamCountry "GER"]
[BlackTeamCountry "GER"]

1. e4 c5 2. Nf3 Nf6 3. Nc3 d6 4. d4 cxd4 5. Nxd4 e5 6. Bb5+ Nbd7 7. Nf5 a6 8.
Bxd7+ Qxd7 9. Bg5 Qc6 10. Bxf6 Bxf5 11. exf5 gxf6 12. Nd5 O-O-O 13. O-O Kb8 14.
b3 h5 15. c4 Bg7 16. Rc1 Bh6 17. Rc2 Bg5 18. Qd3 h4 19. b4 Rde8 20. b5 e4 21.
Qb3 1-0

[Event "Oberliga Ost B 2017 2018"]
[Site "Germany"]
[Date "2017.10.22"]
[Round "1.6"]
[White "Graf, Gerd"]
[Black "Krzesinski, Paul"]
[Result "1/2-1/2"]
[WhiteElo "2231"]
[BlackElo "2087"]
[PlyCount "86"]
[EventDate "2017.10.22"]
[EventType "team-tourn"]
[EventCountry "GER"]
[WhiteTeam "Frankfurt SC Koenig Nied"]
[BlackTeam "Frankfurter TV"]
[WhiteTeamCountry "GER"]
[BlackTeamCountry "GER"]

1. Nf3 d5 2. g3 Nf6 3. Bg2 c6 4. O-O g6 5. b3 Bg7 6. Bb2 O-O 7. d3 Bf5 8. Nbd2
Qc8 9. Re1 Rd8 10. c4 Bh3 11. Bh1 Qg4 12. Qc2 Na6 13. d4 Qh5 14. Ne5 Rac8 15.
e3 Nb8 16. Bf3 Qh6 17. Bg2 Nbd7 18. Nxd7 Nxd7 19. e4 Bxg2 20. Kxg2 e6 21. Nf3
Bh8 22. Rad1 Qf8 23. exd5 cxd5 24. c5 Bf6 25. Qd2 Qg7 26. b4 b6 27. Ba1 a5 28.
a3 axb4 29. axb4 Rc6 30. b5 Rcc8 31. c6 Nf8 32. Bc3 Ra8 33. Ra1 h6 34. Rxa8
Rxa8 35. Ra1 Rxa1 36. Bxa1 Bd8 37. Qf4 f6 38. Qb8 Bc7 39. Qe8 Qf7 40. Qa8 Kg7
41. Bb2 g5 42. Ba3 Ng6 43. Qb7 e5 1/2-1/2

[Event "Oberliga Ost B 2017 2018"]
[Site "Germany"]
[Date "2017.10.22"]
[Round "1.7"]
[White "Rutkowski, Ingo"]
[Black "Prenzler, Daniel"]
[Result "1/2-1/2"]
[WhiteElo "2150"]
[BlackElo "2166"]
[PlyCount "43"]
[EventDate "2017.10.22"]
[EventType "team-tourn"]
[EventCountry "GER"]
[WhiteTeam "Frankfurter TV"]
[BlackTeam "Frankfurt SC Koenig Nied"]
[WhiteTeamCountry "GER"]
[BlackTeamCountry "GER"]

1. e4 e6 2. Nf3 d5 3. Nc3 Nf6 4. e5 Nfd7 5. d4 c5 6. dxc5 Nc6 7. Bf4 Bxc5 8.
Bd3 f6 9. exf6 Nxf6 10. O-O O-O 11. Ne5 Nxe5 12. Bxe5 Bd6 13. Qe2 Bxe5 14. Qxe5
Qb6 15. a3 Bd7 16. h3 Rae8 17. Kh1 Bc6 18. f4 Nd7 19. Qh5 Nf6 20. Qe5 Nd7 21.
Qh5 Nf6 22. Qe5 1/2-1/2

[Event "Oberliga Ost B 2017 2018"]
[Site "Germany"]
[Date "2017.10.22"]
[Round "1.8"]
[White "Haenisch, Uwe"]
[Black "Ortinau, Peter"]
[Result "1-0"]
[WhiteElo "2195"]
[BlackElo "2074"]
[PlyCount "47"]
[EventDate "2017.10.22"]
[EventType "team-tourn"]
[EventCountry "GER"]
[WhiteTeam "Frankfurt SC Koenig Nied"]
[BlackTeam "Frankfurter TV"]
[WhiteTeamCountry "GER"]
[BlackTeamCountry "GER"]

1. e4 e5 2. f4 exf4 3. Nf3 g5 4. Bc4 g4 5. O-O gxf3 6. Qxf3 Qf6 7. c3 Nc6 8. d4
d6 9. Bxf4 Bh6 10. Qg3 Qg6 11. Bxf7+ Qxf7 12. Bxh6 Qxf1+ 13. Kxf1 Nxh6 14. Qg7
Rf8+ 15. Kg1 Nf7 16. Nd2 Ne7 17. Rf1 Ng6 18. Qxh7 Ngh8 19. e5 Bd7 20. e6 Bxe6
21. Qe4 Ng5 22. Qxb7 Kd7 23. Qb5+ c6 24. Qb7+ 1-0

[Event "Oberliga Ost B 2017 2018"]
[Site "Germany"]
[Date "2017.10.22"]
[Round "1.1"]
[White "Geske, Julian"]
[Black "Mueller, Maximilian"]
[Result "1/2-1/2"]
[WhiteElo "2398"]
[BlackElo "2313"]
[PlyCount "147"]
[EventDate "2017.10.22"]
[EventType "team-tourn"]
[EventCountry "GER"]
[WhiteTeam "Wiesbadener SV"]
[BlackTeam "Gernsheim SK"]
[WhiteTeamCountry "GER"]
[BlackTeamCountry "GER"]

1. e4 c5 2. Nf3 e6 3. Nc3 a6 4. d4 cxd4 5. Nxd4 Qc7 6. g3 Bb4 7. Bd2 Nc6 8. Nb3
Be7 9. Bg2 Nf6 10. O-O O-O 11. g4 d6 12. g5 Nd7 13. f4 f6 14. f5 fxg5 15. fxe6
Rxf1+ 16. Qxf1 Nde5 17. Nd5 Qd8 18. Qf5 g4 19. Rf1 g6 20. Nxe7+ Qxe7 21. Qg5
Qxg5 22. Bxg5 Bxe6 23. Rd1 Re8 24. Nd4 Nf7 25. Bf4 Nce5 26. b3 h5 27. c4 Bd7
28. Bc1 Bc6 29. Ba3 Ng5 30. Nxc6 Nxc6 31. Rxd6 Nxe4 32. Rxg6+ Kh7 33. Bxe4 Rxe4
34. Rf6 Ne5 35. Bd6 Nf3+ 36. Kf2 Kg7 37. Rf5 Kg6 38. Rd5 Ng5 39. Bg3 Re6 40.
Bh4 Nf3 41. Bg3 h4 42. Bc7 Ng5 43. Bd8 Ne4+ 44. Kf1 h3 45. Kg1 Rd6 46. Rxd6+
Nxd6 47. Bc7 Ne4 48. b4 Nc3 49. a3 Kf5 50. Kf2 Ne4+ 51. Kg1 Ke6 52. a4 Nd2 53.
b5 Nxc4 54. bxa6 bxa6 55. Kf2 Kf5 56. Kg3 Ne3 57. Kh4 Nd5 58. Bb8 Nc3 59. a5
Nb5 60. Bg3 Na3 61. Bd6 Nc4 62. Bc7 Ne3 63. Bb8 Nc4 64. Bc7 Ne3 65. Bb8 Ng2+
66. Kh5 Ne1 67. Kh4 Nf3+ 68. Kh5 Ne1 69. Kh4 Nd3 70. Bd6 Nb2 71. Bb8 Na4 72.
Ba7 Nb2 73. Bb8 Nc4 74. Bc7 1/2-1/2

[Event "Oberliga Ost B 2017 2018"]
[Site "Germany"]
[Date "2017.10.22"]
[Round "1.2"]
[White "Mazurek, Robert"]
[Black "Dubkov, Andrej"]
[Result "1/2-1/2"]
[WhiteElo "2152"]
[BlackElo "2328"]
[PlyCount "76"]
[EventDate "2017.10.22"]
[EventType "team-tourn"]
[EventCountry "GER"]
[WhiteTeam "Gernsheim SK"]
[BlackTeam "Wiesbadener SV"]
[WhiteTeamCountry "GER"]
[BlackTeamCountry "GER"]

1. d4 d5 2. c4 dxc4 3. e4 Nf6 4. e5 Nd5 5. Bxc4 Nb6 6. Bb3 Nc6 7. Nf3 Bf5 8. e6
fxe6 9. O-O Qd6 10. Nc3 a6 11. Be3 h6 12. Ne5 Nxe5 13. dxe5 Qxd1 14. Rfxd1 g5
15. h3 Bg7 16. g4 Bg6 17. f4 gxf4 18. Bxf4 Rf8 19. Bg3 Nd7 20. Bxe6 Nc5 21. Bc4
c6 22. a4 Rd8 23. Rxd8+ Kxd8 24. Rd1+ Kc8 25. Bf2 Ne4 26. Nxe4 Bxe4 27. Ba7 Rd8
28. Be6+ Kc7 29. Bb6+ Kxb6 30. Rxd8 Bxe5 31. b3 Kc5 32. Rd7 b5 33. axb5 axb5
34. Kf2 Bf6 35. Ke3 Bg2 36. Kf2 Be4 37. Ke3 Bg2 38. Kf2 Be4 1/2-1/2

[Event "Oberliga Ost B 2017 2018"]
[Site "Germany"]
[Date "2017.10.22"]
[Round "1.3"]
[White "Gottschalk, Jens"]
[Black "Peterson, Emery"]
[Result "1/2-1/2"]
[WhiteElo "2268"]
[BlackElo "2165"]
[PlyCount "91"]
[EventDate "2017.10.22"]
[EventType "team-tourn"]
[EventCountry "GER"]
[WhiteTeam "Wiesbadener SV"]
[BlackTeam "Gernsheim SK"]
[WhiteTeamCountry "GER"]
[BlackTeamCountry "GER"]

1. d4 e6 2. c4 d5 3. Nf3 f5 4. g3 Nf6 5. Bg2 c6 6. O-O Bd6 7. b3 O-O 8. Ba3 b6
9. Bxd6 Qxd6 10. Nbd2 Nbd7 11. Qc2 Ne4 12. e3 Bb7 13. Rac1 Rfc8 14. Qb2 a5 15.
a3 b5 16. c5 Qe7 17. Ne5 Nxd2 18. Qxd2 Nxe5 19. dxe5 a4 20. b4 Rf8 21. f3 Rad8
22. Rc3 Bc8 23. Rd3 g5 24. Re1 Rde8 25. Rf1 Qg7 26. e4 fxe4 27. fxe4 Rxf1+ 28.
Bxf1 Qxe5 29. Re3 d4 30. Rd3 Rd8 31. Bg2 h6 32. h4 Kg7 33. Qd1 gxh4 34. gxh4
Kh7 35. Qf3 Rg8 36. Kh1 Bd7 37. Qf2 Be8 38. Rxd4 Bg6 39. Rd7+ Rg7 40. Rxg7+
Kxg7 41. Qe3 Qa1+ 42. Kh2 Qe5+ 43. Kg1 Qa1+ 44. Kh2 Qe5+ 45. Kg1 Qa1+ 46. Kh2
1/2-1/2

[Event "Oberliga Ost B 2017 2018"]
[Site "Germany"]
[Date "2017.10.22"]
[Round "1.4"]
[White "Hebbering, Tom Elliot"]
[Black "Ress, Tamas"]
[Result "1/2-1/2"]
[WhiteElo "2181"]
[BlackElo "2314"]
[PlyCount "155"]
[EventDate "2017.10.22"]
[EventType "team-tourn"]
[EventCountry "GER"]
[WhiteTeam "Gernsheim SK"]
[BlackTeam "Wiesbadener SV"]
[WhiteTeamCountry "GER"]
[BlackTeamCountry "GER"]

1. d4 f5 2. g3 Nf6 3. Bg2 g6 4. Nf3 Bg7 5. b3 c5 6. e3 O-O 7. O-O Ne4 8. Bb2
Nc6 9. Nbd2 d5 10. Ne5 Nxe5 11. dxe5 Nxd2 12. Qxd2 e6 13. Rfd1 Qc7 14. f4 c4
15. Ba3 Rd8 16. Bd6 Qc6 17. c3 cxb3 18. Rac1 b2 19. Qxb2 b5 20. Qb4 a5 21. Qc5
Qxc5 22. Bxc5 Bd7 23. Rb1 Rdc8 24. Bd4 Bf8 25. Bf1 Rab8 26. Rd2 Ba3 27. Kf2 Kf7
28. Be2 Rc7 29. h3 Rbc8 30. Bxb5 Rb8 31. Bd3 Rxb1 32. Bxb1 Rb7 33. Bd3 Ba4 34.
Ke1 Rb8 35. g4 Bb5 36. Bxb5 Rxb5 37. Rc2 Rb1+ 38. Kf2 Rh1 39. Kg2 Rd1 40. Kf3
Rh1 41. Kg2 Rd1 42. Kf3 Rh1 43. gxf5 gxf5 44. c4 dxc4 45. Rxc4 Rxh3+ 46. Kg2
Rh6 47. Ra4 Bb4 48. a3 Bd2 49. Rc4 Rg6+ 50. Kf2 a4 51. Rxa4 h5 52. Ra7+ Kg8 53.
Rb7 h4 54. Rb1 Kh7 55. Rh1 Rg4 56. Bb6 Kh6 57. Bd8 Kh5 58. a4 Bb4 59. a5 Bc5
60. a6 Rxf4+ 61. Ke2 Ra4 62. Kd3 Rxa6 63. Rxh4+ Kg6 64. e4 Ra3+ 65. Kc4 Bf2 66.
Rh2 Bg3 67. exf5+ Kxf5 68. Rh5+ Ke4 69. Bf6 Rd3 70. Rg5 Bf4 71. Rg4 Rd4+ 72.
Kc3 Rd5 73. Bg5 Kf5 74. Rxf4+ Kxg5 75. Rf8 Kg4 76. Kc2 Rxe5 77. Kd3 Rf5 78. Re8
1/2-1/2

[Event "Oberliga Ost B 2017 2018"]
[Site "Germany"]
[Date "2017.10.22"]
[Round "1.5"]
[White "Minor, Samuel"]
[Black "Nies, Peter"]
[Result "1-0"]
[WhiteElo "2244"]
[BlackElo "2087"]
[PlyCount "57"]
[EventDate "2017.10.22"]
[EventType "team-tourn"]
[EventCountry "GER"]
[WhiteTeam "Wiesbadener SV"]
[BlackTeam "Gernsheim SK"]
[WhiteTeamCountry "GER"]
[BlackTeamCountry "GER"]

1. e4 e6 2. d4 d5 3. Nc3 Nf6 4. e5 Nfd7 5. Nce2 Be7 6. f4 O-O 7. Nf3 f6 8. g3
c5 9. Bh3 Kh8 10. O-O cxd4 11. Nexd4 fxe5 12. fxe5 Nc5 13. Kh1 Nc6 14. Be3 Bd7
15. Qe2 Qe8 16. Nxc6 bxc6 17. Nd4 Qg6 18. Rf4 Rxf4 19. gxf4 Ne4 20. Rg1 Qh6 21.
Bg4 c5 22. f5 Bg5 23. Bxg5 Qxg5 24. fxe6 cxd4 25. exd7 Qxe5 26. Rf1 Qg5 27. Rf5
Qh4 28. Kg2 Nf6 29. Qe8+ 1-0